| 000 | 00781cam a22002777a 4500 | ||
|---|---|---|---|
| 003 | CHAP | ||
| 005 | 20220329133253.0 | ||
| 008 | 971013s1991 r 00010 d | ||
| 010 | _a4131 | ||
| 011 | _a5103 | ||
| 035 | _a4309 | ||
| 040 | _cCHAP | ||
| 090 | _aFolleto 13351 | ||
| 100 | 0 | 0 |
_aByrne, David H. _916504 |
| 245 | 0 | _aTex royal a new medium chilling peach | |
| 260 |
_aCollege Station : _bTexas Agricultural Experiment Station, _c1991 |
||
| 300 | _aHoja desplegable | ||
| 490 | 0 | _aL-2462 | |
| 590 |
_aBATCH-UPD _b10 _c20130110 _lUCH01 _h1712 |
||
| 590 |
_aCONVERSION _b10 _c20130109 _lUCH01 _h1303 |
||
| 650 | 1 | 4 |
_aDurazno _xVariedades. _934631 |
| 830 | 0 |
_aL-2462 _964186 |
|
| 901 | _aBK | ||
| 942 | _cFOLL | ||
| 949 |
_aFolleto 13351 _bBC _cFOLL _d-13846 _eTS1 _i4309 _mD _si |
||
| 999 |
_c4131 _d4131 |
||